Digital communications (Record no. 956)

000 -LEADER
fixed length control field 00508nam a2200205 a 4500
001 - CONTROL NUMBER
control field 956
003 - CONTROL NUMBER IDENTIFIER
control field BD-DhUET
008 - FIXED-LENGTH DATA ELEMENTS--GENERAL INFORMATION
fixed length control field 860516s1986 inua b 001 0 eng
020 ## - INTERNATIONAL STANDARD BOOK NUMBER
International Standard Book Number 0071181830
040 ## - CATALOGING SOURCE
Original cataloging agency DLC
Transcribing agency DLC
Modifying agency BD-DhUET
082 00 - DEWEY DECIMAL CLASSIFICATION NUMBER
Classification number 623.8
Item number PRO/2001
100 ## - MAIN ENTRY--PERSONAL NAME
Personal name Proakis, John G.
245 00 - TITLE STATEMENT
Title Digital communications
250 ## - EDITION STATEMENT
Edition statement 4th ed.
260 ## - PUBLICATION, DISTRIBUTION, ETC. (IMPRINT)
Place of publication, distribution, etc. Boston
Name of publisher, distributor, etc. McGraw-Hill
Date of publication, distribution, etc. 2001
300 ## - PHYSICAL DESCRIPTION
Extent xxi,1002p..
504 ## - BIBLIOGRAPHY, ETC. NOTE
Bibliography, etc Includes bibliographies

650 #0 - SUBJECT ADDED ENTRY--TOPICAL TERM
Topical term or geographic name as entry element Digital communications.
942 ## - ADDED ENTRY ELEMENTS (KOHA)
Koha item type General Book
Holdings
Price effective from Koha date last borrowed Withdrawn status Date acquired Not for loan Koha issues (times borrowed) Source of classification or shelving scheme Koha full call number Location (home branch) Koha normalized classification for sorting Damaged status Koha item type Lost status Koha date last seen Shelving location Copy number Sublocation or collection (holding branch) Piece designation (barcode)
2014-08-26  2014-08-26   623.8/PRO/2001Central Library, BUET623_000000000000000_8PRO2001 General Book 2014-08-26Circulation section1Central Library, BUET103342
2014-08-26  2014-08-26   623.8/PRO/2001Central Library, BUET623_000000000000000_8PRO2001 General Book 2017-07-30Circulation section2Central Library, BUET103344
2014-08-26  2014-08-26   623.8/PRO/2001Central Library, BUET623_000000000000000_8PRO2001 General Book 2015-06-08Circulation section3Central Library, BUET103345
2014-08-262015-05-20 2014-08-26 1 623.8/PRO/2001Central Library, BUET623_000000000000000_8PRO2001 General Book 2015-08-18Circulation section4Central Library, BUET103346
2014-08-26  2014-08-26   623.8/PRO/2001Central Library, BUET623_000000000000000_8PRO2001 General Book 2014-08-26Circulation section5Central Library, BUET103347
2014-08-262018-08-06 2014-08-26 2 623.8/PRO/2001Central Library, BUET623_000000000000000_8PRO2001 General Book 2018-08-29Circulation section6Central Library, BUET103348
2014-08-262018-08-29 2014-08-26 1 623.8/PRO/2001Central Library, BUET623_000000000000000_8PRO2001 General Book 2018-09-11Circulation section7Central Library, BUET103349
2014-08-26  2014-08-26   623.8/PRO/2001Central Library, BUET623_000000000000000_8PRO2001 General Book 2015-08-16Circulation section8Central Library, BUET103350
2014-08-26  2014-08-26   623.8/PRO/2001Central Library, BUET623_000000000000000_8PRO2001 General Book 2015-03-01Circulation section9Central Library, BUET107674
2017-05-162018-08-28 2007-05-07 1 623.8/PRO/2001Central Library, BUET623_800000000000000_PRO_2001 General Book 2018-09-09Circulation section10Central Library, BUET103343